| 000 | 00529nam a2200181 i 4500 | ||
|---|---|---|---|
| 001 | 88693 | ||
| 003 | ES-MaACL | ||
| 005 | 20230906175915.0 | ||
| 007 | t| | ||
| 008 | 050105s1969 sp ||||1| spa d | ||
| 100 | 1 |
_aLandau, L. _969930 |
|
| 245 | 1 | 0 |
_aQué es la teoría de la relatividad / _cL. Landau, Y. Rumer ; traducido por V. Llanos Más. |
| 260 |
_aMadrid : _bAguilera, _c[1969] |
||
| 300 |
_a74 p. ; _c18 cm. |
||
| 700 | 1 |
_aRumer, Y. _9100990 |
|
| 700 | 1 |
_aLlanos Mas, V. _972717 |
|
| 852 |
_aES-MaACL _jC-37214 _bR.69927 |
||
| 999 |
_c88693 _d88693 |
||